00759cam a2200229 a 45000010009000000050017000090080041000260200028000670200028000950200018001230200018001410400044001590820017002032450054002202600068002743000013003426500010003556500011003657000026003768560059004028560068004611441022620231205041806.0060612s2006 ii a b 001 0ceng  a076193507X (paper back) a8178296624 (India : pb) a9780761935070 a9788178296623 aDLCcDLCdC#PdBAKERdYDXCPdOCLCQdDLC00a305.5/6822200aUntouchability in rural India /cGhanshyam Shah . aNew Delhi ;aThousand Oaks, Calif. :bSage Publications,c2006. a216 p. : 0aCaste 0aDalits1 aShah, Ghanshyam.eedt41uhttp://www.loc.gov/catdir/toc/ecip0616/2006019476.html42uhttp://www.loc.gov/catdir/enhancements/fy0704/2006019476-d.html